Statistiques concernant Carte du Canada pixelisée

Cliquez ici pour prendre le quiz!

Statistiques générales

  • Ce quiz a été pris 155 fois
  • Le résultat moyen est 285 sur 331

Réponses sur la Carte

Les réponses sont colorées sur une échelle allant du rouge au vert en fonction du pourcentage des utilisateurs qui les ont devinées à leur premier essai. Vous pouvez retrouver ces pourcentages ci-dessous.
 

Statistiques - réponses

Provinces% Correct
Québec
99%
Ontario
94%
Alberta
87%
Terre-Neuve-et-Labrador
86%
Colombie-Britannique
84%
Yukon
84%
Manitoba
83%
Nunavut
83%
Territoires du Nord-Ouest
83%
Saskatchewan
80%
Nouvelle-Ecosse
78%
Nouveau-Brunswick
76%

Distribution des résultats

Percentile par nombre de réponses

% des personnes avec chaque résultat

Votre développement - résultats

Vous n’avez pas pris ce quiz